[Event "Delmenhorst"]
[Site "Delmenhorst"]
[Date "1988.??.??"]
[Round "?"]
[White "Rakic, Tomislav"]
[Black "Schlemmermeyer, Wilhelm"]
[Result "0-1"]
[WhiteElo "2380"]
[BlackElo "2220"]

1.d4 Nf6 2.Nf3 b6 3.c4 e6 4.a3 Ba6 5.e3 d5 6.Ne5 Be7 7.Qa4+ c6 8.Nc3 Qc8
9.Be2 dxc4 10.O-O b5 11.Qc2 Bb7 12.b3 cxb3 13.Qxb3 O-O 14.Bd2 Nbd7 15.Rfc1 a6
16.Bf3 Nxe5 17.dxe5 Nd7 18.Ne4 c5 19.Bb4 Bd5 20.Qb2 Qc6 21.Nd2 Bxf3 22.Nxf3 Nb6
23.Nd2 Rfd8 24.Qc2 Rac8 25.Ba5 Rd4 26.Rab1 Na4 27.Nf3 h6  0-1

[Event "Dieren op"]
[Site "Dieren"]
[Date "1988.??.??"]
[Round "9"]
[White "Karolyi, Tibor Jr"]
[Black "Grooten, Herman"]
[Result "1-0"]
[WhiteElo "2450"]
[BlackElo "2325"]

1.d4 Nf6 2.c4 e6 3.Nf3 b6 4.a3 Ba6 5.e3 d5 6.Nbd2 Be7 7.b4 dxc4 8.Bxc4 Bxc4
9.Nxc4 Qd5 10.Qe2 O-O 11.Bd2 a5 12.bxa5 b5 13.Nce5 Ne4 14.Bb4 Bxb4+ 15.axb4 Na6
16.Qb2 f6 17.Nd3 Qc4 18.Ra3 c5 19.bxc5 b4 20.Qb3 Qc3+ 21.Qxc3 bxc3 22.Ke2 Rfb8
23.Rc1 Nc7 24.Nfe1 Rb2+ 25.Rc2 Nb5 26.Ra2 Rb3 27.Nc1 Rb1 28.Nf3 Nc7 29.h3 Rb5
30.Ne1 Nd5 31.Ned3 Nd2 32.a6 g5 33.Ra4 Ra7 34.Na2 Ne4 35.Nab4 f5 36.Nxd5 exd5
37.Rb4 Rxb4 38.Nxb4 Kf7 39.Kd3 Ra8 40.f3 Rb8 41.a7  1-0

[Event "Dortmund-B"]
[Site "Dortmund"]
[Date "1988.??.??"]
[Round "?"]
[White "Farago, Ivan"]
[Black "Kohlweyer, Bernd"]
[Result "1-0"]
[WhiteElo "2475"]
[BlackElo "2325"]

1.d4 Nf6 2.c4 e6 3.Nf3 b6 4.a3 Bb7 5.Nc3 d5 6.cxd5 Nxd5 7.Qc2 Be7 8.Bd2 O-O
9.e4 Nxc3 10.Bxc3 Nd7 11.Rd1 Qc8 12.Bd3 c5 13.d5 c4 14.Be2 exd5 15.exd5 b5
16.O-O a6 17.Nd4 g6 18.Nc6 Bd6 19.Bg4 f5 20.Bf3 Nc5 21.Qd2 Nb3 22.Qe3  1-0

[Event "Edinburgh op"]
[Site "Edinburgh"]
[Date "1988.??.??"]
[Round "6"]
[White "Morrison, Graham"]
[Black "Pliester, Leon"]
[Result "1/2-1/2"]
[WhiteElo "2320"]
[BlackElo "2390"]

1.d4 Nf6 2.c4 e6 3.Nf3 b6 4.a3 Bb7 5.Nc3 d5 6.cxd5 exd5 7.g3 Be7 8.Qa4+ c6
9.Ne5 O-O 10.Bg2 b5 11.Qd1 a5 12.O-O Nbd7 13.e4 b4 14.exd5 cxd5 15.Ne2 Nb6
16.Nf4 Ne4 17.Re1 Re8 18.Nxd5 Bxd5 19.Bxe4 Bxe4 20.Rxe4 Qd5 21.Re1 Bd6 22.Be3 f6
23.Nd3 bxa3 24.bxa3 a4 25.Rb1 Nc4 26.Nb4 Qf5 27.Qe2 Rac8 28.Rec1 Kh8 29.Ra1 Qb5
30.Qd3 h5 31.d5 Nxa3 32.Rxc8 Rxc8 33.Qf5 Rc3 34.Qxh5+ Kg8 35.Nc6 Nc2 36.Qe8+ Kh7
37.Qh5+ Kg8 38.Qe8+ Kh7 39.Qe4+ g6 40.Nd4 Qb4 41.Qh4+ Kg8 42.Nxc2 Qxh4 43.gxh4 Rxc2
44.Rxa4 Kf7 45.Kg2 Bc5 46.Kf3 Bxe3 47.Kxe3 Rc3+ 48.Kd4 Rc2 49.Ra7+ Ke8 50.d6 Rxf2
51.Kd5 f5 52.Ke6 Re2+ 53.Kf6 Rxh2 54.Rh7 f4 55.Kxg6 f3 56.Kf6 Rh1 57.d7+ Kd8
58.Ke6 Re1+ 59.Kd6 Rd1+ 60.Kc6 Rc1+ 61.Kd6  1/2-1/2

[Event "Edinburgh op"]
[Site "Edinburgh"]
[Date "1988.??.??"]
[Round "8"]
[White "McKay, Roderick M"]
[Black "Arkell, Keith C"]
[Result "1-0"]
[WhiteElo "2385"]
[BlackElo "2425"]

1.Nf3 Nf6 2.c4 b6 3.d4 e6 4.a3 c5 5.d5 Ba6 6.Qc2 exd5 7.cxd5 d6 8.Nc3 Nbd7
9.g3 Bb7 10.Bg2 a6 11.O-O g6 12.Nd2 Be7 13.a4 O-O 14.e4 Re8 15.f4 Bf8 16.Nc4 Nh5
17.g4 Ng7 18.f5 Qh4 19.h3 gxf5 20.exf5 h5 21.Qf2 Qxf2+ 22.Kxf2 b5 23.axb5 axb5
24.Rxa8 Rxa8 25.Nxb5 Ra4 26.Nbxd6 Ba6 27.b3 Ra2+ 28.Kg1 Bxd6 29.Nxd6 Bxf1
30.Bxf1 Ne5 31.Bf4 Nf3+ 32.Kh1 hxg4 33.hxg4 Kf8 34.Ne4 Nd4 35.d6 Ke8 36.Nxc5 f6
37.Be3 Nc6 38.Bb5  1-0

[Event "Frunze"]
[Site "Frunze"]
[Date "1988.??.??"]
[Round "?"]
[White "Glek, Igor V"]
[Black "Aseev, Konstantin N"]
[Result "0-1"]
[WhiteElo "2500"]
[BlackElo "2445"]

1.d4 Nf6 2.c4 e6 3.Nf3 b6 4.a3 Ba6 5.Qc2 Bb7 6.Nc3 c5 7.e4 cxd4 8.Nxd4 Bc5
9.Nb3 Nc6 10.Bg5 h6 11.Bh4 Nd4 12.Nxd4 Bxd4 13.f3 Bxc3+ 14.bxc3 Qc7 15.Rd1 d6
16.Be2 e5 17.Qd2 Rd8 18.O-O Rd7 19.Bf2 O-O 20.Rb1 Nh7 21.a4 Bc6 22.Qa2 Ng5
23.Rb4 Ne6 24.Ra1 Nc5 25.a5 Rb8 26.Rab1 Qd8 27.axb6 axb6 28.Qb2 Rdb7 29.Qd2 Qc7
30.Be3 Be8 31.Qe1 f6 32.Qg3 Kf8 33.Qh4 Bf7 34.Qf2 Be6 35.Bf1 Ra7 36.h3 Ra6
37.Qh4 Bf7 38.Qe1 Rba8 39.Qf2 Be6 40.Qh4 Bf7 41.Qe1 Ra3 42.Qf2 Ra2 43.Qh4 R8a6
44.Qe1 Be6 45.R4b2 Rxb2 46.Rxb2 Ke7 47.Kh2 Qa7 48.Qg3 g5 49.Qe1 Kd7 50.Bxc5 dxc5
51.Qd1+ Ke7 52.Rb1 Ra3 53.Qc1 Ra2 54.Kg1 Kd6 55.Rb2 Kc7 56.Rb1 Qa3 57.Qe1 Rc2
58.Ra1 Qxc3 59.Qxc3 Rxc3 60.Ra7+ Kb8 61.Rh7 Bxc4 62.Bxc4 Rxc4  0-1

[Event "Troll Masters"]
[Site "Gausdal"]
[Date "1988.??.??"]
[Round "?"]
[White "Lindstedt, Johan"]
[Black "Tisdall, Jonathan D"]
[Result "1/2-1/2"]
[WhiteElo "2265"]
[BlackElo "2425"]

1.d4 Nf6 2.c4 e6 3.Nf3 b6 4.a3 Ba6 5.e3 d5 6.b3 Be7 7.Be2 O-O 8.O-O Nbd7
9.Nbd2 c5 10.Bb2 Rc8 11.Rc1 dxc4 12.Nxc4 Bb7 13.dxc5 Nxc5 14.b4 Nce4 15.Qa4 a6
16.Rfd1 Nd5 17.Qb3 Bh4 18.Nxh4 Qxh4 19.g3 Qh6 20.Bf3 Nxf2 21.Kxf2 Qxh2+ 22.Kf1 Qxg3
23.e4 Nf4 24.Nd2 Rcd8 25.Qe3 Qh3+ 26.Kg1 Qg3+ 27.Kf1 Qh3+ 28.Kg1 Qg3+ 29.Kf1  1/2-1/2

[Event "Arnold Cup"]
[Site "Gausdal"]
[Date "1988.??.??"]
[Round "?"]
[White "Ostenstad, Berge"]
[Black "Kristiansen, Erling"]
[Result "1/2-1/2"]
[WhiteElo "2410"]
[BlackElo "2295"]

1.d4 Nf6 2.Nf3 e6 3.c4 b6 4.a3 Bb7 5.Nc3 d5 6.cxd5 Nxd5 7.Qc2 Nxc3 8.bxc3 Be7
9.e4 Nd7 10.Bd3 h6 11.O-O O-O 12.Bb2 c5 13.Rad1 cxd4 14.cxd4 Qc8 15.Qe2 Re8
16.Nd2 e5 17.Rc1 Qd8 18.dxe5 Bc5 19.Nb3 Nxe5 20.Nxc5 bxc5 21.Bb5 Re6 22.f4 a6
23.fxe5 axb5 24.Rxc5 Qb6 25.Qf2 Bxe4 26.Qxf7+ Kh7 27.Qc7 Ra7 28.Qxb6 Rxb6
29.Rf4 Ba8 30.Rd4 Rg6 31.g3 Bc6 32.Rd6 Be8 33.Rxg6 Kxg6 34.e6 Ra6 35.Re5 Rd6
36.Re2 h5 37.h3 Rd3 38.Kf2 h4  1/2-1/2

[Event "Peer Gynt"]
[Site "Gausdal"]
[Date "1988.??.??"]
[Round "?"]
[White "Petursson, Margeir"]
[Black "Ostenstad, Berge"]
[Result "0-1"]
[WhiteElo "2530"]
[BlackElo "2405"]

1.d4 Nf6 2.c4 e6 3.Nf3 b6 4.a3 Ba6 5.Qc2 Bb7 6.Nc3 c5 7.e4 cxd4 8.Nxd4 d6
9.Be2 a6 10.f4 g6 11.O-O Bg7 12.f5 Nxe4 13.Nxe6 fxe6 14.Nxe4 exf5 15.Ng5 Qd7
16.Qb3 Nc6 17.Bf3 Nd4 18.Qe3+ Be5 19.Bxb7 Qxb7 20.Qd3 h6 21.Nh3 Qe4 22.Qxe4 fxe4
23.Bf4 e3 24.Rae1 e2 25.Rf2 O-O-O 26.g3 g5 27.Bxe5 dxe5 28.Kg2 e4 29.Rf6 e3
30.Rxb6 Rhf8 31.Rxa6 Kb7 32.Rxh6 Nc2 33.Rxe2 Rd2 34.Ng1 g4 35.h4 Nd4 36.Rh7+ Kc8
37.Ra7 Kb8 38.Re7 Nxe2 39.Rxe3  0-1

[Event "BL2-N8788"]
[Site "Germany"]
[Date "1988.??.??"]
[Round "?"]
[White "Dankert, Peter"]
[Black "Ahmels, Volker"]
[Result "1-0"]
[WhiteElo "2255"]
[BlackElo "2265"]

1.d4 Nf6 2.Nf3 b6 3.c4 e6 4.a3 Bb7 5.Nc3 Be7 6.d5 exd5 7.cxd5 d6 8.e4 O-O
9.Bd3 Ba6 10.O-O Bxd3 11.Qxd3 Nfd7 12.Qc2 Bf6 13.Be3 a5 14.Rfd1 Re8 15.Nd4 Ne5
16.Ncb5 Na6 17.h3 Nc5 18.b4 axb4 19.axb4 Rxa1 20.Rxa1 Qd7 21.Ra7 Bd8 22.bxc5 dxc5
23.Nc6 Nxc6 24.dxc6 Qxc6 25.Nc3 h6 26.Nd5 c4 27.Bf4 f5 28.Bxc7 Rxe4 29.Bxd8 Qxd5
30.Qc3 Qd1+ 31.Kh2 Qd6+ 32.g3 Rd4 33.Qf3 f4 34.Bc7 fxg3+ 35.Qxg3 Qxg3+ 36.Kxg3 Rd3+
37.f3 b5 38.Rb7 Rb3 39.Be5 g5 40.Kg4 c3 41.Rc7 b4 42.Bd6 Ra3 43.Kh5 c2 44.Rxc2 Rxf3
45.Kg6 Rc3 46.Rxc3 bxc3 47.Kxh6 c2 48.Ba3 Kf7 49.Kxg5 Kg8 50.Kg6 Kh8 51.h4 Kg8
52.Bb2 Kf8  1-0

[Event "Groningen op"]
[Site "Groningen"]
[Date "1988.??.??"]
[Round "?"]
[White "Estremera Panos, Sergio"]
[Black "Vogel, Jaap"]
[Result "0-1"]
[WhiteElo "2340"]
[BlackElo "2265"]

1.d4 e6 2.c4 Nf6 3.Nf3 b6 4.a3 d5 5.cxd5 exd5 6.Nc3 Be7 7.Bf4 O-O 8.e3 c5
9.Ne5 Bb7 10.Be2 Nbd7 11.O-O h6 12.Qa4 Qc8 13.Bf3 Rd8 14.Rac1 c4 15.b3 Nxe5
16.dxe5 Bc6 17.exf6 Bc5 18.Nb5 a6 19.b4 axb5 20.Qc2 Bd6 21.Bxd6 Rxd6 22.fxg7 d4
23.Bxc6 d3 24.Qd2 Qxc6 25.Rc3 Rg6 26.g3 f5 27.Rfc1 Qe4 28.Ra1 Rxg7 29.Qd1 Kh7
30.Rac1 Rd7 31.Qd2 Qf3 32.Re1 Rda7 33.Qb2 Rd8 34.Qd2 Re8 35.Ra1 h5 36.Qd1 Qxd1+
37.Rxd1 Rea8 38.Ra1 Ra4 39.Kg2 Rxb4 40.Rh1 Rb2 41.Kf3 Kg6 42.h4 Kf6 43.Ra1 Ke5
44.Re1 Kd5 45.Rec1 Ra2  0-1

[Event "Hallein op"]
[Site "Hallein"]
[Date "1988.??.??"]
[Round "3"]
[White "Indjic, Dusan"]
[Black "Lendwai, Reinhard"]
[Result "0-1"]
[WhiteElo "2375"]
[BlackElo "2295"]

1.d4 Nf6 2.c4 e6 3.Nf3 b6 4.a3 Bb7 5.Nc3 d5 6.cxd5 exd5 7.g3 Be7 8.Qa4+ c6
9.Bf4 O-O 10.Rd1 Nbd7 11.Bg2 Nh5 12.Bc1 a5 13.O-O b5 14.Qc2 Nb6 15.Ne5 f5
16.Bf3 Qe8 17.Nxb5 Rc8 18.Nc3 Ba6 19.Na4 Nxa4 20.Qxa4 Bd8 21.Qc2 g5 22.Rfe1 g4
23.Bg2 Qe6 24.Nd3 Bxd3 25.Qxd3 Nf6 26.f3 Bc7 27.Bg5 Rce8 28.Bxf6 Qxf6 29.fxg4 f4
30.Rf1 Qh6 31.Qd2 Kg7 32.Rc1 Qd6 33.gxf4 Rxf4 34.Rxf4 Qxf4 35.Qxf4 Bxf4 36.Rxc6 Rxe2
37.Rc5 Be3+ 38.Kf1 Rf2+ 39.Ke1 Rxg2  0-1

[Event "Hamburg-ch"]
[Site "Hamburg"]
[Date "1988.??.??"]
[Round "?"]
[White "Wegner, Hannu"]
[Black "Meier, Volker"]
[Result "1-0"]
[WhiteElo "2320"]
[BlackElo "2295"]

1.d4 Nf6 2.Nf3 e6 3.c4 b6 4.a3 Bb7 5.Nc3 d5 6.cxd5 Nxd5 7.Qc2 Nxc3 8.bxc3 Nd7
9.e4 c5 10.Bd3 Be7 11.O-O Qc7 12.Qe2 cxd4 13.cxd4 O-O 14.Bb2 Qf4 15.Rad1 Rfe8
16.Rfe1 Bf6 17.Bc1 Qc7 18.e5 Be7 19.Ng5 Nf8 20.Qh5 g6 21.Qh6 Qc3 22.Bf1 f5
23.Nxh7 Nxh7 24.Qxg6+ Kh8 25.Re3 Qc7 26.Rh3 Bxa3 27.Bxa3 Qg7 28.Qh5 Rg8 29.d5 Rad8
30.Rg3 Qxe5 31.Rh3 Rg7 32.dxe6 Rxd1 33.Qxd1 f4 34.e7 Kg8 35.Qd8+ Kf7 36.e8=Q+ Qxe8
37.Bc4+  1-0

[Event "Hamburg-ch"]
[Site "Hamburg"]
[Date "1988.??.??"]
[Round "?"]
[White "Dankert, Peter"]
[Black "Hegeler, Frank"]
[Result "1/2-1/2"]
[WhiteElo "2255"]
[BlackElo "2225"]

1.d4 Nf6 2.Nf3 e6 3.c4 b6 4.a3 Bb7 5.Nc3 d5 6.cxd5 Nxd5 7.Qc2 Be7 8.e4 Nxc3
9.bxc3 O-O 10.Bd3 c5 11.O-O Qc8 12.Qe2 Ba6 13.Bf4 Bxd3 14.Qxd3 cxd4 15.cxd4 Qa6
16.Rfd1 Qxd3 17.Rxd3 Nd7 18.Rc3 Rfc8 19.Rac1 Rxc3 20.Rxc3 Nf6 21.Nd2 b5 22.f3 a5
23.Rb3 b4 24.axb4 Bxb4 25.Nc4 Kf8 26.Kf2 Ke7 27.Ke3 Rc8 28.Kd3 Nd7 29.Bg5+ f6
30.Be3 Rd8 31.Rb1 Ke8 32.Ra1 Ne5+ 33.Nxe5 fxe5 34.d5 exd5 35.exd5 Rxd5+ 36.Ke4 Rd6
37.Rc1 Ke7 38.Kxe5 Re6+ 39.Kd4 Rd6+ 40.Ke4 Ra6 41.Bc5+ Bxc5 42.Rxc5 Kd6 43.Kd4 a4
44.Rc2 a3 45.Ra2 Ke6 46.g3 Kf6 47.Ke3 g5 48.Kf2 h5 49.Ke3 Ke5 50.Kd3 Kd5
51.Kc3 Kc5 52.Rc2 Kb5 53.Kb3 a2 54.Rxa2 Rxa2 55.Kxa2 Kc4 56.Kb2 Kd4 57.Kc2 Ke3
58.f4 gxf4 59.gxf4 Kxf4 60.Kd2 Kg4 61.Ke2 Kh3 62.Kf1 Kxh2 63.Kf2  1/2-1/2

[Event "IND-ch"]
[Site "?"]
[Date "1988.??.??"]
[Round "?"]
[White "Babu, N Sudhakar"]
[Black "Hegde, Ravi Gopal"]
[Result "0-1"]
[WhiteElo "2325"]
[BlackElo "2315"]

1.d4 Nf6 2.c4 e6 3.Nf3 b6 4.a3 c5 5.Nc3 cxd4 6.Qxd4 Nc6 7.Qd1 Be7 8.e4 O-O
9.Be2 d6 10.O-O Bb7 11.Re1 Ne5 12.Qd4 Qb8 13.b3 Rd8 14.Bb2 Nfd7 15.Nd2 Bg5
16.g3 Nc6 17.Qd3 Nde5 18.Qc2 Nd4 19.Qd1 Bxd2 20.Na2 Nxe2+ 21.Rxe2 Bh6 22.f4 Nd7
23.Nc3 a6  0-1

[Event "IND-ch"]
[Site "?"]
[Date "1988.??.??"]
[Round "?"]
[White "Babu, N Sudhakar"]
[Black "Mithrakanth, Poorna Sharma"]
[Result "1/2-1/2"]
[WhiteElo "2325"]
[BlackElo "2320"]

1.d4 Nf6 2.c4 e6 3.Nf3 b6 4.a3 Ba6 5.Qc2 Bb7 6.Nc3 c5 7.e4 cxd4 8.Nxd4 Bc5
9.Nb3 Nc6 10.Bg5 h6 11.Bh4 O-O 12.Rd1 Be7 13.Be2 Rc8 14.Bg3 e5 15.O-O Bc5
16.Qd3 Qe7 17.Kh1 Nd4 18.Na1 Nxe2 19.Qxe2 Bd4 20.Nd5 Nxd5 21.cxd5 Qc5 22.Nb3 Qc4
23.Nxd4 exd4 24.Qg4 f5 25.exf5 Qxd5 26.f3 d3 27.Rfe1 Rxf5 28.Kg1 Rf7 29.Rd2 Ba6
30.Qe4 Qxe4 31.Rxe4 Rc2 32.Be1 d5 33.Re8+ Kh7 34.Kf2 Rfc7 35.Ke3 Rxd2 36.Bxd2 Rc2
37.Rd8 Rxb2 38.Rxd5 Rb5 39.Rxd3 Re5+ 40.Kf4 Re2 41.Rd7 Bb5 42.Rd5 Rxg2 43.Bc3 Ba4
44.h4  1/2-1/2

[Event "JUG-ch"]
[Site "?"]
[Date "1988.??.??"]
[Round "?"]
[White "Cebalo, Miso"]
[Black "Podlesnik, Bogdan"]
[Result "1-0"]
[WhiteElo "2515"]
[BlackElo "2345"]

1.d4 Nf6 2.Nf3 e6 3.c4 b6 4.a3 Bb7 5.Nc3 d5 6.cxd5 exd5 7.g3 Be7 8.Qa4+ c6
9.Bf4 O-O 10.Rd1 Ne4 11.Qc2 f5 12.Bg2 Nd7 13.O-O a5 14.Ne5 Nxe5 15.Bxe5 Nxc3
16.Qxc3 Bd6 17.f4 Qe7 18.e3 Rfc8 19.Rf2 g6 20.Bf3 Rc7 21.Rc2 b5 22.Rdc1 Rd7
23.Qd2 Bxe5 24.dxe5 Qe6 25.Qd4 h5 26.Rd2 Re7 27.h3 Kf8 28.Rcc2 Rh7 29.Qb6 Ra6
30.Qd8+ Qe8 31.Qg5 Bc8 32.e4 fxe4 33.Bxe4 Rg7 34.Kh2 Bd7 35.Qf6+ Kg8 36.Bxd5+ Kh7
37.Be4 Qc8 38.Rd6  1-0

[Event "JUG-ch"]
[Site "?"]
[Date "1988.??.??"]
[Round "?"]
[White "Cebalo, Miso"]
[Black "Abramovic, Bosko"]
[Result "1-0"]
[WhiteElo "2515"]
[BlackElo "2460"]

1.d4 Nf6 2.c4 e6 3.Nf3 b6 4.a3 Bb7 5.Nc3 g6 6.Bf4 Bg7 7.e3 O-O 8.Be2 d6 9.O-O Nbd7
10.Qc2 Nh5 11.Bg5 Bf6 12.Bxf6 Qxf6 13.b4 Ng7 14.Rab1 a5 15.c5 axb4 16.axb4 bxc5
17.bxc5 Bc6 18.e4 Ra5 19.Qd2 Rfa8 20.d5 exd5 21.exd5 Ba4 22.c6 Nc5 23.Rb4 Nf5
24.Rfb1 h5 25.h3 Re8 26.Bf1 Raa8 27.Rf4 Qg7 28.g4 hxg4 29.hxg4 Ne7 30.Ng5 f5
31.Nxa4 Nxa4 32.Ne6 Qc3 33.Qd1 Qe5 34.Rxa4 Rxa4 35.Qxa4 Nxd5 36.Ng5 Kg7 37.Nf3 Qe4
38.Qxe4 fxe4 39.Nd4 e3 40.fxe3 Rxe3 41.Bg2 Nf4 42.Rf1 Nxg2 43.Kxg2 Kh6 44.Rf7 Re4
45.Nb5 Rxg4+ 46.Kf3  1-0

[Event "URS-FL56"]
[Site "Klaipeda"]
[Date "1988.??.??"]
[Round "?"]
[White "Gelfand, Boris"]
[Black "Rozentalis, Eduardas"]
[Result "1/2-1/2"]
[WhiteElo "2585"]
[BlackElo "2490"]

1.d4 Nf6 2.c4 e6 3.Nf3 b6 4.a3 Bb7 5.Nc3 d5 6.cxd5 exd5 7.g3 Bd6 8.Nh4 O-O
9.Nf5 Ne4 10.Bh3 Nxc3 11.bxc3 Nc6 12.Bf4 Bxf4 13.gxf4 Ne7 14.Qd3 Nxf5 15.Bxf5 g6
16.Bg4 Qf6 17.e3 a5 18.h4 Ba6 19.Qc2 c5 20.Be2 Bxe2 21.Qxe2 cxd4 22.cxd4 Rfe8
23.h5 Rac8  1/2-1/2

[Event "FRG-ch qual"]
[Site "Koenigslutter"]
[Date "1988.??.??"]
[Round "?"]
[White "Wegner, Hannu"]
[Black "Blauert, Joerg"]
[Result "1-0"]
[WhiteElo "2290"]
[BlackElo "2290"]

1.d4 Nf6 2.Nf3 e6 3.c4 b6 4.a3 Bb7 5.Nc3 d5 6.cxd5 exd5 7.g3 Be7 8.Bg2 O-O
9.O-O c5 10.Bf4 Na6 11.dxc5 bxc5 12.Qb3 Qb6 13.Qxb6 axb6 14.Ne5 Rfe8 15.Nc4 Rad8
16.Nxb6 Bd6 17.Bg5 Be5 18.Rfd1 Nc7 19.Rab1 h6 20.Bxf6 Bxf6 21.e3 d4 22.Bxb7 dxc3
23.Rxd8 Rxd8 24.bxc3 Bxc3 25.Na4 Bf6 26.Nxc5 Be7 27.Rc1 Rb8 28.Bc6 Rb6 29.Be4 Ne6
30.Nxe6 fxe6 31.a4 Kf7 32.Rc6 Rxc6 33.Bxc6 Bb4 34.f4 Kf6 35.Kf2 e5 36.Kf3 g5
37.Ke4 exf4 38.exf4 gxf4 39.gxf4 Ba5 40.Bd7 Bc7 41.h3 Ke7 42.Bc8 Kf6 43.f5 Ba5
44.Kd5  1-0

[Event "Lvov"]
[Site "Lvov"]
[Date "1988.??.??"]
[Round "?"]
[White "Petrosian, Arshak B"]
[Black "Novikov, Igor A"]
[Result "1/2-1/2"]
[WhiteElo "2480"]
[BlackElo "2485"]

1.d4 Nf6 2.c4 e6 3.Nf3 b6 4.a3 Bb7 5.Nc3 d5 6.cxd5 Nxd5 7.Qc2 c5 8.dxc5 Bxc5
9.Bg5 Qc8 10.Rc1 h6 11.Bh4 O-O 12.Nxd5 exd5 13.e3 a5 14.Bd3 Nc6 15.O-O d4
16.Bh7+ Kh8 17.Bf5 Qb8 18.exd4 Nxd4 19.Nxd4 Bxd4 20.Rcd1 Be5 21.Bg3 Bxg3
22.hxg3 Qe5 23.Rfe1 Qf6 24.Bd7 Rad8 25.b4 Bc8  1/2-1/2

[Event "Marseille"]
[Site "Marseille"]
[Date "1988.??.??"]
[Round "?"]
[White "Petursson, Margeir"]
[Black "Sharif, Mershad"]
[Result "1/2-1/2"]
[WhiteElo "2530"]
[BlackElo "2445"]

1.d4 Nf6 2.c4 e6 3.Nf3 b6 4.a3 Bb7 5.Nc3 Ne4 6.Nxe4 Bxe4 7.Nd2 Bb7 8.e4 Be7
9.Bd3 O-O 10.O-O d5 11.cxd5 exd5 12.e5 Ba6 13.Bxa6 Nxa6 14.Qa4 Qc8 15.Qc6 Rd8
16.Nf3 Qd7 17.Qc2 c5 18.dxc5 bxc5 19.Bd2 Nc7 20.Ba5 Rac8 21.Rfd1 Qb5 22.Bxc7 Rxc7
23.Rd2 Rcd7 24.Rad1 g6 25.h4 Qb6 26.Qa4 Bf8 27.Qf4 Bg7 28.h5 gxh5 29.Qh4 Qh6
30.Nh2 d4 31.g4 hxg4 32.Qxg4  1/2-1/2

[Event "Mendrisio op"]
[Site "Mendrisio"]
[Date "1988.??.??"]
[Round "9"]
[White "Almada, Enrique"]
[Black "Dizdarevic, Emir"]
[Result "0-1"]
[WhiteElo "2295"]
[BlackElo "2495"]

1.d4 Nf6 2.c4 e6 3.Nf3 b6 4.a3 Ba6 5.Qc2 Bb7 6.Nc3 c5 7.e4 cxd4 8.Nxd4 Bc5
9.Nb3 Be7 10.Be2 d6 11.Be3 O-O 12.O-O Nbd7 13.Nd2 Rc8 14.f4 Qc7 15.Rac1 Qb8
16.b4 Rfd8 17.Qb3 Nf8 18.Bf3 Ne8 19.Rfd1 Bf6 20.Ne2 Nd7 21.Rc2 Qa8 22.Rdc1 g6
23.Bf2 Ng7 24.Qe3 Be7 25.g4 Re8 26.Ng3 Bf8 27.e5 Bxf3 28.Nxf3 dxe5 29.fxe5 f5
30.exf6 Nxf6 31.h3 e5 32.Ng5 Ne6 33.Qxe5 Nd7 34.Qb5 Nxg5 35.Qxg5 Ne5 36.Kf1 Bg7
37.Rd1 Nxc4 38.Re2 Qf3 39.Qd5+ Qxd5 40.Rxd5 Rxe2 41.Nxe2 Nxa3 42.Rd7 Nb5
43.Nd4 Bxd4 44.Bxd4 Rc7 45.Rd5 Nxd4 46.Rxd4 Kf7 47.Kf2 Ke6 48.Kf3 Rc3+ 49.Kg2 Rb3
50.Kh2 a6 51.Kg2 g5 52.Re4+ Kd6 53.Rd4+ Ke5 54.Rc4 Kd5 55.Rc7 Rxb4 56.Rxh7 Rb5
57.Kf3 Rb3+ 58.Ke2 Ke4 59.Rf7 Rb2+ 60.Kd1 Rb5 61.Kd2 a5 62.Kc3 a4 63.Rf6 a3  0-1

[Event "Moscow-A"]
[Site "Moscow"]
[Date "1988.??.??"]
[Round "?"]
[White "Kharitonov, Andrei Y"]
[Black "Psakhis, Lev"]
[Result "1/2-1/2"]
[WhiteElo "2550"]
[BlackElo "2560"]

1.d4 e6 2.c4 Nf6 3.Nf3 b6 4.a3 Bb7 5.Nc3 d5 6.cxd5 Nxd5 7.e3 Nf6 8.Bd3 c5
9.O-O Nbd7 10.Qe2 a6 11.Rd1 Qb8 12.Bc2 Bd6 13.dxc5 Bxc5 14.h3 O-O 15.e4 b5
16.Be3  1/2-1/2

[Event "Moscow-ch"]
[Site "Moscow"]
[Date "1988.??.??"]
[Round "?"]
[White "Yanvarjov, Igor"]
[Black "Naumkin, Igor"]
[Result "0-1"]
[WhiteElo "2325"]
[BlackElo "2485"]

1.d4 e6 2.Nf3 Nf6 3.c4 b6 4.a3 Bb7 5.Nc3 d5 6.Bg5 Be7 7.cxd5 exd5 8.Bxf6 Bxf6
9.Qa4+ c6 10.e3 O-O 11.Bd3 c5 12.Rd1 c4 13.Bb1 Qe8 14.Qc2 g6 15.h4 b5 16.h5 a5
17.hxg6 hxg6 18.Rh5 Qd7 19.Ne5 Bxe5 20.dxe5 Ra6 21.Rd4 Re8 22.Ne4 Qe7 23.Nf6+ Rxf6
24.exf6 Qxf6 25.Rhxd5 Bxd5 26.Rxd5 Qh4 27.Rxb5 Rxe3+  0-1

[Event "Moscow-ch"]
[Site "Moscow"]
[Date "1988.??.??"]
[Round "?"]
[White "Naumkin, Igor"]
[Black "Timoshchenko, Gennadi A"]
[Result "0-1"]
[WhiteElo "2485"]
[BlackElo "2485"]

1.d4 Nf6 2.c4 e6 3.Nf3 b6 4.a3 Bb7 5.Nc3 d5 6.cxd5 Nxd5 7.Qc2 Nxc3 8.bxc3 Be7
9.e4 O-O 10.Bd3 c5 11.O-O Qc8 12.Qe2 Ba6 13.d5 exd5 14.exd5 Re8 15.Re1 Bxd3
16.Qxd3 c4 17.Qc2 Nd7 18.Bg5 Bxg5 19.Nxg5 Nf6 20.d6 Qc6 21.Red1 Rad8 22.Qa2 h6
23.Nf3 Nd5 24.Rd4 Nxc3 25.Rxc4 Qxf3 26.gxf3 Nxa2 27.Rxa2 Rxd6 28.Rc7 Re1+
29.Kg2 Rg6+ 30.Kh3 Re5  0-1

[Event "URS-ch sf"]
[Site "Moscow"]
[Date "1988.??.??"]
[Round "7"]
[White "Kiselev, Sergey"]
[Black "Timoshenko, Georgy"]
[Result "1/2-1/2"]
[WhiteElo "2380"]
[BlackElo "2450"]

1.d4 Nf6 2.c4 e6 3.Nf3 b6 4.a3 Bb7 5.Nc3 d5 6.cxd5 Nxd5 7.Qa4+ Nd7 8.Nxd5 Bxd5
9.Bg5 Be7 10.Bxe7 Qxe7 11.Ne5 a6 12.Qxd7+ Qxd7 13.Nxd7 Kxd7 14.e3 c5 15.dxc5 bxc5
16.O-O-O Ke7 17.f3 Bb3 18.Rd3 c4 19.Rc3 Rac8 20.Be2 Rhd8 21.Bd1 Rd3 22.Bxb3 Rxc3+
23.bxc3 cxb3 24.Kb2 Rd8 25.Kxb3 Rd2 26.Rg1 Kd6 27.Kb4 g5 28.e4 h5 29.a4 h4
30.Ka5 Kc6 31.h3 f6 32.g3 hxg3 33.Rxg3 Rd3 34.c4  1/2-1/2

[Event "Naestved op"]
[Site "Naestved"]
[Date "1988.??.??"]
[Round "?"]
[White "Kaspersen, Morten"]
[Black "Brynell, Stellan"]
[Result "0-1"]
[WhiteElo "2250"]
[BlackElo "2385"]

1.d4 e6 2.c4 Nf6 3.Nf3 b6 4.a3 Bb7 5.Nc3 g6 6.Bg5 Bg7 7.e3 h6 8.Bh4 O-O 9.Be2 d6
10.O-O g5 11.Bg3 Nh5 12.Nd2 Nxg3 13.hxg3 f5 14.Bf3 Bxf3 15.Qxf3 Nd7 16.Qc6 Nf6
17.c5 bxc5 18.dxc5 Qd7 19.Qxd7 Nxd7 20.cxd6 cxd6 21.Nb5 Rab8 22.Nxd6 Bxb2
23.Ra2 Ne5 24.N2c4 Nxc4 25.Nxc4 Bf6 26.Rc1 Rfc8 27.Kf1 Kf8 28.Rac2 Rc5 29.Nd2 Rxc2
30.Rxc2 Rb7 31.Ke2 Ke7 32.Kd3 Kd7 33.Kc4 Be7 34.Ra2 Rc7+ 35.Kd3 Rc1 36.Nc4 Bf6
37.Rc2 Rb1 38.Rd2 Rb5 39.f4 Kc6 40.Rc2 Rb3+ 41.Ke2 Kd5 42.e4+ fxe4 43.Ne3+ Kd6
44.a4 Bd4  0-1

[Event "Naestved op"]
[Site "Naestved"]
[Date "1988.??.??"]
[Round "4"]
[White "Ahlander, Bjorn"]
[Black "Sax, Gyula"]
[Result "0-1"]
[WhiteElo "2395"]
[BlackElo "2600"]

1.d4 Nf6 2.c4 e6 3.Nf3 b6 4.a3 Bb7 5.Nc3 d5 6.cxd5 Nxd5 7.Qc2 Be7 8.e4 Nxc3
9.bxc3 O-O 10.Bd3 c5 11.O-O Qc8 12.Qe2 Ba6 13.Bf4 Bxd3 14.Qxd3 Rd8 15.Rfd1 Nd7
16.a4 Nf6 17.Ra2 h6 18.Ne5 Qb7 19.Re2 cxd4 20.cxd4 Rac8 21.h3 Bb4 22.Bd2 Bc5
23.Bc3 Bd6 24.Nf3 Nxe4 25.Rxe4 Rxc3 26.Qxc3 Qxe4 27.Rc1 Bf4 28.Qc6 f5 29.Ne5 Qxc6
30.Nxc6 Rxd4 31.Nxd4 Bxc1 32.Nxe6 Bb2 33.Kf1 Kf7 34.Nd8+ Kf6 35.Nc6 a6 36.Ke2 Ba3
37.Kd3 Bc5 38.Nb8 a5 39.Nd7+ Ke6 40.Nxc5+ bxc5 41.Kc4 Kd6 42.Kb5 Kd5 43.Kxa5 c4
44.Kb4 Kd4  0-1

[Event "Naestved op"]
[Site "Naestved"]
[Date "1988.??.??"]
[Round "9"]
[White "Petursson, Margeir"]
[Black "Larsen, Bent"]
[Result "1/2-1/2"]
[WhiteElo "2530"]
[BlackElo "2560"]

1.d4 Nf6 2.c4 e6 3.Nf3 b6 4.a3 Be7 5.Nc3 d5 6.cxd5 exd5 7.Bf4 O-O 8.e3 c5
9.Ne5 Bb7 10.Bd3 Nc6 11.O-O cxd4 12.Nxc6 Bxc6 13.exd4 Qd7 14.Qf3 Rae8 15.Rfe1 Bd6
16.Be5 Bxe5 17.dxe5 d4 18.Ne4 Ng4 19.Qg3 Rxe5 20.h3 f5 21.hxg4 Rxe4 22.gxf5 Rxe1+
23.Rxe1 Bb5 24.Bxb5 Qxb5 25.Re7 Rf7 26.Qb8+ Rf8 27.Qg3 Rf7 28.Qb8+ Rf8 29.Qc7 Qxf5
30.Qc4+ Kh8 31.Qxd4 Qg5 32.Qe3 Qf6 33.b4 a5 34.Re8 axb4 35.axb4 Kg8 36.Qb3+ Qf7
37.Rxf8+ Kxf8 38.Qd3 Qe6 39.Qd8+  1/2-1/2

[Event "Novi Sad op"]
[Site "Novi Sad"]
[Date "1988.??.??"]
[Round "5"]
[White "Indjic, Dusan"]
[Black "Simonyi, Zoltan"]
[Result "0-1"]
[WhiteElo "2375"]
[BlackElo "2270"]

1.d4 Nf6 2.c4 e6 3.Nf3 b6 4.a3 Bb7 5.Nc3 d5 6.cxd5 Nxd5 7.Qc2 Be7 8.Bd2 Nd7
9.e4 N5f6 10.Bc4 c5 11.d5 exd5 12.exd5 a6 13.O-O b5 14.Ba2 b4 15.d6 Bxd6
16.Bxf7+ Kf8 17.Ng5 Qb8 18.Nce4 Nxe4 19.Nxe4 Bxe4 20.Qxe4 Kxf7 21.Qd5+ Kg6
22.Qe4+ Kf7 23.Rae1 Nf6 24.Qe6+ Kg6 25.f4 h6 26.Rf3 Re8 27.Rg3+ Kh7 28.Qf5+ Kh8
29.Rd1 Ra7 30.Rg6 Bf8 31.Be3 Rxe3 32.Rxf6 Re8 33.Rc6 Rae7 34.g4 bxa3 35.bxa3 Qb2
36.Rf1 Re2 37.Qd5 Rd2 38.Rb6 Qc2 39.Qb7 Ree2  0-1

[Event "Rubinstein mem"]
[Site "Polanica Zdroj"]
[Date "1988.??.??"]
[Round "14"]
[White "Petrosian, Arshak B"]
[Black "Staniszewski, Piotr"]
[Result "1/2-1/2"]
[WhiteElo "2460"]
[BlackElo "2425"]

1.Nf3 Nf6 2.c4 e6 3.d4 b6 4.a3 Bb7 5.Nc3 d5 6.cxd5 Nxd5 7.Qc2 Be7 8.e4 Nxc3
9.bxc3 O-O 10.Bd3 c5 11.O-O cxd4 12.cxd4 Qc8 13.Qe2 Ba6 14.Ng5 Bxd3 15.Qxd3 h6
16.Nh3 Nc6 17.Bb2 Bf6 18.e5 Be7 19.d5 exd5 20.Qxd5 Bc5 21.Qe4 Ne7 22.Rad1 Qf5
23.Qxf5 Nxf5 24.Rd7 Rfd8 25.Rfd1 Nd4 26.Rxd8+ Rxd8 27.Kf1 Kf8 28.a4 Ke7 29.Nf4 g5
30.Nd3 Nc6 31.Ke2 Bd4 32.Rc1 Kd7 33.Bxd4 Nxd4+ 34.Ke3 Ne6 35.g3 Ke7 36.f4 gxf4+
37.gxf4 Rd5 38.Rc4 f6 39.Nb4 Rc5 40.Rxc5 Nxc5 41.Nd5+ Ke6 42.Nxf6 Nxa4 43.Kd4 Nc5
44.Ne4 Nxe4 45.Kxe4 b5 46.f5+ Ke7 47.Kd5 b4 48.f6+ Kf7  1/2-1/2